LEADER 01188nam a2200313 u 4500 001 000000071855 003 CaOOAMICUS 005 20070226122158.0 008 020606s1995 be u000 u ita u 020 $a8820920875 035 $a10932336 040 $aPUL(R)$bita 100 1 $aDelahoutre, Michel.$0(OLS)http://pul/name/2078 245 12$aI Sikh /$cMichel Delahoutre. 260 $aCittą del Vaticano :$bLib. Ed. Vaticana,$c1995. 300 $a288 p. :$bill. ;$c22 cm 490 1 $aFigli di Abramo 500 $aContiene indice. 504 $aBibliografia in nota. 650 4$aSette religiose.$0(OLS)http://pul/subject/14612 651 4$aIndia$xReligione.$0(OLS)http://pul/subject/24038 830 0$aFigli di Abramo.$0(OLS)http://pul/title/9895 850 $aPUL 852 $aPUL$W1$xDP1 Cons. Gen., Altre Classi 1$y22$m780 A 157$j92947$nBK-PRI$b $qStampati$B92947$CPULBib$Z2$F92947 $H $81 941 1 $a8 961 $aINV: 74533 996 $6020$a8820920875$9(OLS)http://pul/number/92795 996 $6245$aI Sikh$9(OLS)http://pul/title/94569 996 $6260$aCittą del Vaticano :$bLib. Ed. Vaticana$9(OLS)http://pul/publisher/51417 LEADER 01347nam a2200337 u 4500 001 000000058956 003 CaOOAMICUS 005 20070226120740.0 008 010619s1991 it u000 u ita u 020 $a8821168883 035 $a10892909 040 $aPUL(R)$bita 041 1 $aita$hfre 100 1 $aPerrin, Luc,$d1958-$0(OLS)http://pul/name/40786 240 10$aAffaire Lefebvre.$lItaliano.$0(OLS)http://pul/title/78973 245 13$aIl caso Lefebvre /$cLuc Perrin ; a cura di Daniele Menozzi. 260 $aGenova :$bMarietti,$c1991. 300 $a184 p. ;$c20 cm 490 1 $aTerzomillennio ;$v33 500 $aCronologia: p. 119. 500 $aDocumenti: p. 129. 504 $aBibliografia: p. 125-127. 600 14$aLefebvre, Marcel,$d1905-1991$xPensiero politico e sociale.$0(OLS)http://pul/subject/23087 700 1 $aMenozzi, Daniele,$d1947-$0(OLS)http://pul/name/18691 830 0$aTerzomillennio ;$v33.$0(OLS)http://pul/title/11633 850 $aPUL 852 $aPUL$W1$xDP1 Altre Collocazioni$y17$mSenza collocazione$j12$nBK-PRI$b $qStampati$B76941$CPULBib$Z2$F76941 $H $81 941 1 $a8 996 $6020$a8821168883$9(OLS)http://pul/number/74905 996 $6245$aIl caso Lefebvre$9(OLS)http://pul/title/78974 996 $6260$aGenova :$bMarietti$9(OLS)http://pul/publisher/48994